• 首页
  • 本馆介绍
  • 公告通知
  • 最新文献
  • 馆藏检索
  • 电子资源
  • 读者导购
  • 参考咨询
  • 我的图书馆
  • 登录
  • 详细信息显示
  • 放入我的书架
  • 预约/预借图书
  • 作者相关作品
  • 分类相关作品
  • 丛书相关作品
  • 出版社相关作品

书目信息

  • 表格格式
  • 工作单格式
  • 卡片格式
题名:
你 会回来吗
    
 
作者: 黄蘅玉 著
分册:  
出版信息: 上海   上海社会科学院出版社  2018
页数: 226页
开本: 22cm
丛书名:
单 册:
中图分类: B086
科图分类:
主题词: 死亡哲学--si wang zhe xue
电子资源:
ISBN: 978-7-5520-2101-1
000 01186nam0 2200253 450
001 012001008506
005 20140101090844.0
010    @a978-7-5520-2101-1@b精装@dCNY46.80
099    @aCAL 012018103970
100    @a20180903d2018 em y0chiy50 ea
101 0  @achi
102    @aCN@b310000
105    @aa z 000yy
106    @ar
200 1  @a你 会回来吗@Ani hui hui lai ma@e心理治疗师与你对话生死@f黄蘅玉著
210    @a上海@c上海社会科学院出版社@d2018
215    @a226页@c图@d22cm
330    @a本书是黄蘅玉博士又一力作, 她将几十年心理咨询和治疗时的生死自由谈记录在此, 希望与大家一起探讨生死难题。该书三个部分, 儿童篇, 主要谈论儿童在面对父母和亲友死亡时的困惑及相应的处理方法。青年篇, 青年期作为自杀行为的高危阶段, 每个企图自杀的青年都有自己痛不欲生的理由, 作者怀着同理心真诚地帮助他们。成人篇, 生死是所有人迟早会面对的事实, 耸立在人生终点的死亡界碑不该是令人焦虑或恐惧的刺激物, 而是提示我们要更好地珍惜当下之乐的警示牌。
517 1  @a心理治疗师与你对话生死@Axin li zhi liao shi yu ni dui hua sheng si
606 0  @a死亡哲学@Asi wang zhe xue
690    @aB086@v4
701  0 @a黄蘅玉@Ahuang heng yu@4著
801  0 @aCN@b上海新华@c20191020
905    @b1185000-2@dB086@e108@f3
    
    你 会回来吗:心理治疗师与你对话生死/黄蘅玉著.-上海:上海社会科学院出版社,2018
    226页:图;22cm
    
    
    ISBN 978-7-5520-2101-1(精装):CNY46.80
    本书是黄蘅玉博士又一力作, 她将几十年心理咨询和治疗时的生死自由谈记录在此, 希望与大家一起探讨生死难题。该书三个部分, 儿童篇, 主要谈论儿童在面对父母和亲友死亡时的困惑及相应的处理方法。青年篇, 青年期作为自杀行为的高危阶段, 每个企图自杀的青年都有自己痛不欲生的理由, 作者怀着同理心真诚地帮助他们。成人篇, 生死是所有人迟早会面对的事实, 耸立在人生终点的死亡界碑不该是令人焦虑或恐惧的刺激物, 而是提示我们要更好地珍惜当下之乐的警示牌。
●
相关链接 在E读中查询图书 在五车中查询图书 在当当中查询图书 在豆瓣中查询图书


正题名:你 会回来吗     索取号:B086/108         预约/预借

序号 登录号 条形码 馆藏地/架位号 状态 备注
1 1185000   211850004   第一样本阅览室/ [索取号:B086/108] 在馆    
2 1185001   211850013   第一借阅区/ [索取号:B086/108] 在馆    
3 1185002   211850022   第一借阅区/ [索取号:B086/108] 在馆    
唐山师范学院图书馆 欢迎您!
大连网信软件有限公司© 版权所有